| 000 | 01531nam a2200265Ii 4500 | ||
|---|---|---|---|
| 003 | JO-AjNU | ||
| 005 | 20240623131031.0 | ||
| 008 | 230605s9999||||xx |||||||||||||| ||und|| | ||
| 040 |
_aJO-AjNU _bara _erda _cJO-AjNU |
||
| 041 | _aara | ||
| 050 |
_aHF5626. _bA923 2012 |
||
| 100 | 1 |
_aعواقله، عبدالعزيز عبدالله _964818 _eمعد |
|
| 245 | 0 |
_aمدى تطبيق محاسبة القيمة العادلة كمعالجة بديلة وأثرها على الخصائص النوعية للمعلومات المحاسبية : دراسة ميدانية = The Extent of Applying the fair value accounting as an alternative treatment and its impact on the qualitative characteristics of accounting informatio: An Empirical Study / _cإعداد عبد العزيز عبدالله عواقلة ؛ إشراف تركي راجي الحمود. |
|
| 260 | _c2012 | ||
| 300 | _a132 ورقة | ||
| 336 |
_atext _btxt _2rdacontent |
||
| 337 |
_aunmediated _bn _2rdamedia |
||
| 338 |
_avolume _bnc _2rdacarrier |
||
| 500 | _aرسالة جامعية (ماجستير).- جامعة اليرموك (إربد، الأردن)، كلية الاقتصاد والعلوم الادارية ؛ قسم المحاسبة، 2012 | ||
| 501 | _aتحتوي على ملاحق | ||
| 504 | _aتحتوي على مراجع باللغتين العربية والانجليزية | ||
| 650 | 4 | 0 |
_aالمحاسبة-معايير قياسية-قوائم مالية _964820 |
| 700 | 1 |
_aالحمود، تركي راجي _964635 _eمشرف |
|
| 942 |
_2lcc _cTHS |
||
| 999 |
_c33006 _d33006 |
||